000 00751 a2200205 4500
999 _c2929
_d2929
020 _a9780749455347
050 0 0 _aHF 5549.5 ARM 2010
100 1 _aArmstrong, Michael
_d1928-
245 1 0 _aArmstrong's handbook of reward management practice :
_bimproving performance through reward /
_cMichael Armstrong.
250 _a3rd ed.
264 _aLondon:
_bKoganPage
_c2010
300 _aviii, 472 p. :
_bill. ;
500 _ainclude index
504 _aIncludes bibliographical references
650 0 _aIncentives in industry.
650 0 _aEmployee motivation.
650 0 _aCompensation management.
700 1 _aArmstrong, Michael,
_d1928-
_tHandbook of employee reward management and practice.
_eauthor
942 _2lcc
_cBK
_e3 rd ed.
_h5549.5
_iARM
_kHF